| 000 | 02200nam a2200409Ia 4500 | ||
|---|---|---|---|
| 001 | dia_5717 | ||
| 003 | CHAP | ||
| 005 | 20240314181727.0 | ||
| 007 | ta | ||
| 008 | 220117s2007 mx ado fr 001 0 spa d | ||
| 040 |
_cCHAP _amxchpua |
||
| 090 |
_aT.C.469 _bS99 IA _c2007 |
||
| 245 | 1 | 0 |
_aReporte del viaje generacional del curso de Introducción a la Agroindustria a los estados de México, Puebla, Hidalgo, Tlaxcala, Veracruz y Tamaulipas / _ccoordinadora Rosa Guadalupe Szymanski Duque ; colaboradores David Noe Ávalos Calderón...[et al.] |
| 260 |
_aMéxico : _bEl autor, _c2007 |
||
| 300 |
_a98 hojas : _bilustraciones, gráficas, diagramas, tablas, fotos |
||
| 336 |
_2rdacontent _atexto _btxt |
||
| 337 |
_2rdamedia _ano mediado _bn |
||
| 338 |
_2rdacarrier _avolumen _bnc |
||
| 500 | _a4° año Grupo 2 Incluye directorio dentro del reporte. | ||
| 502 |
_aViaje de Estudios _b(IA) -- _cUACh. Departamento de Ingeniería Agroindustrial, _d2007 |
||
| 505 | _tEmpresas visitadas: -- 1. Yakult -- 2. Embotelladora Los volcanes -- 3. Empacadora Silva -- 4. Maltería Cuahutemoc -- 5. Empresa Karoli -- 6. Rastro frigorífico TIF #72 -- 7. Enceradora de naranja -- 8. Empacadora de limón CC Tropicales -- 9. Empresas de jugo CITRIFRUT -- 10. Forrajera ALBAGRAN -- 11. Empresa Gaya Vaimex -- 12. Embotelladora Coca-cola -- 13. Empresa Queso Chila -- 14. Rastro TIF Villa Aldama -- 15. Empresa Mexilac -- 16. Empresa Boing Pascual -- 17. Beneficio de café Los Arcos y Tostadas Café Delicias -- 18. Centro de Estudios de la Leche (CEDELE) | ||
| 650 | 1 | 3 |
_aIndustria agrícola _9137236 |
| 650 | 1 | 3 |
_aIndustria cervecera _957799 |
| 650 | 1 | 3 |
_aIndustria de los alimentos _9148659 |
| 650 | 1 | 3 |
_aAgricultural industry _9147917 |
| 650 | 1 | 3 |
_aBrewing industry _9151423 |
| 650 | 1 | 3 |
_aFood industry _9148657 |
| 700 | 1 |
_aSzymanski Duque, Rosa Guadalupe _9151434 _ecoordinadora |
|
| 700 | 1 |
_aÁvalos Calderón, David Noe _9159426 _ecolaborador |
|
| 901 | _aT.C.469 S99 IA 2007 | ||
| 902 | _aM | ||
| 905 | _a5232272007 mx di 8223123322spa16 | ||
| 942 | _2local | ||
| 942 | _cVE | ||
| 999 |
_c176732 _d176732 |
||